000
00278nam a2200121Ia 4500
008
191201s2018 xx 000 0 und d
100
_a
HALSALL,Fred
245
0
_a
Multimedia Communication
260
_b
Pearson
_c
2018
300
_a
1056
650
_a
B.Tech(IT)
942
_2
ddc
_c
BK
999
_c
6903
_d
6903